00403nam a2200145 a 450000100080000000500110000800800410001910000220006024500490008226000670013130000100019865000130020870000160022170000200023717036012002-12-11 1987 bl uuuu u0uu1 u #d1 aADANDEDJAN, C. C. aCreep grazind lambs on tall fescue pastures. aMorgantown: Agricultural and Forestry Experiment Stationc1987 a30 p. aPastagem1 aREID, R. L.1 aTOWNSEND, E. C.